[Event "Northern California International"]
[Site "?"]
[Date "2012.01.06"]
[Round "7"]
[White "Bryant, John"]
[Black "Sevian, Samuel"]
[Result "1/2-1/2"]
[WhiteElo "2401"]
[BlackElo "2185"]
[PlyCount "147"]
[EventDate "2012.01.06"]
[SourceDate "2012.01.05"]

1. e4 e5 2. Nf3 Nc6 3. Bb5 a6 4. Ba4 Nf6 5. O-O Be7 6. Re1 b5 7. Bb3 O-O 8. c3
d5 9. d3 dxe4 10. dxe4 Qxd1 11. Bxd1 h6 12. Nbd2 Be6 13. Nf1 Nd7 14. Bc2 Rfd8
15. Bd2 Nc5 16. b4 Nd3 17. Reb1 Nf4 18. Ng3 g5 19. Be3 h5 20. h4 gxh4 21. Bxf4
exf4 22. Nxh5 Bd6 23. Bb3 Ne5 24. Nd4 Bxb3 25. Rxb3 Bxb4 26. Nxb5 Ba5 27. Nd4
Bxc3 28. Rxc3 Rxd4 29. Rxc7 Rad8 30. f3 Rd1+ 31. Rxd1 Rxd1+ 32. Kh2 h3 33. Nxf4
hxg2 34. Kxg2 Rd2+ 35. Kg3 Rxa2 36. Nd5 Kg7 37. f4 Ra3+ 38. Nc3 Nd7 39. e5 Nf8
40. f5 Ra5 41. Kf4 Kg8 42. Ne4 Ra4 43. Ke3 Rb4 44. Rc8 a5 45. Nd6 Rb1 46. Kd2
Rb2+ 47. Kd3 Rb3+ 48. Kd4 Rb1 49. f6 Rd1+ 50. Ke4 Re1+ 51. Kf4 Rf1+ 52. Kg4
Rg1+ 53. Kf3 a4 54. Nf5 Rf1+ 55. Kg4 Rg1+ 56. Kh3 a3 57. Ne7+ Kh7 58. Rxf8 Rh1+
59. Kg3 Rg1+ 60. Kf2 a2 61. Rxf7+ Kh8 62. Rf8+ Kh7 63. Ra8 a1=Q 64. Rxa1 Rxa1
65. Ke3 Ra4 66. Kd3 Rb4 67. e6 Rb6 68. Nc6 Kg6 69. e7 Kf7 70. Ne5+ Ke8 71. f7+
Kxe7 72. f8=Q+ Kxf8 73. Nd7+ Ke7 74. Nxb6 1/2-1/2

[Event "Northern California International"]
[Site "?"]
[Date "2012.01.06"]
[Round "7"]
[White "Coleman, Teddy"]
[Black "Byambaa, Uyanga"]
[Result "1-0"]
[WhiteElo "2356"]
[BlackElo "2118"]
[PlyCount "79"]
[EventDate "2012.01.06"]
[SourceDate "2012.01.05"]

1. d4 f5 2. Nc3 Nf6 3. Bg5 g6 4. Bxf6 exf6 5. e3 d5 6. Bd3 Be6 7. Nge2 c6 8. h4
Bd6 9. g3 Na6 10. Bxa6 bxa6 11. Na4 Rb8 12. c3 Kf7 13. Nf4 Qa5 14. Qc2 h5 15.
f3 Rbe8 16. Kf2 Bd7 17. Rab1 Re7 18. b4 Qc7 19. Nc5 a5 20. a3 axb4 21. cxb4 Bc8
22. Rb3 Rhe8 23. Rc3 Qb6 24. Re1 a5 25. Qb3 Ba6 26. Nxa6 Qxa6 27. bxa5 Qxa5 28.
Re2 Rb8 29. Qc2 Bxf4 30. gxf4 Ra8 31. Qd3 Qb5 32. Qc2 Ra6 33. Rb3 Qa4 34. Qb2
Raa7 35. Rc2 Rec7 36. Rcc3 Ke6 37. Qc1 Kd6 38. Rb4 Qa6 39. Rb8 Rab7 40. Rg8 {
Flag} 1-0

[Event "Northern California International"]
[Site "?"]
[Date "2012.01.06"]
[Round "7"]
[White "Cornejo, Max"]
[Black "Ni, Viktorija"]
[Result "1/2-1/2"]
[WhiteElo "2411"]
[BlackElo "2225"]
[PlyCount "99"]
[EventDate "2012.01.06"]
[SourceDate "2012.01.05"]

1. e4 c5 2. d4 cxd4 3. c3 dxc3 4. Nxc3 Nc6 5. Nf3 d6 6. Bc4 e6 7. O-O Be7 8.
Qe2 a6 9. Rd1 Qc7 10. Be3 Nf6 11. Rac1 O-O 12. Bb3 Qa5 13. Nd2 d5 14. Bc2 Rd8
15. e5 Nxe5 16. Nb3 Qb4 17. Rd4 Nc4 18. Rh4 Qd6 19. Bc5 Qc7 20. Bxe7 Qxe7 21.
Bxh7+ Nxh7 22. Qh5 Qg5 23. Qxh7+ Kf8 24. f4 Qg6 25. Qxg6 fxg6 26. Rc2 Kf7 27.
Nd4 e5 28. fxe5 Nxe5 29. Rf4+ Kg8 30. Re2 Ng4 31. h3 Nf6 32. g4 Bd7 33. g5 Nh5
34. Rf3 Bf5 35. Re5 Rac8 36. Kf2 Rc4 37. Ke3 b5 38. Nxd5 Rc1 39. Ne7+ Kh7 40.
Nexf5 gxf5 41. Rexf5 Re1+ 42. Kf2 Rb1 43. Ne2 Rxb2 44. Re5 Rxa2 45. Re6 b4 46.
Rf5 Rdd2 47. Rf8 Ng3 48. Kxg3 Rxe2 49. Rb6 Ra3+ 50. Kg4 1/2-1/2

[Event "Northern California International"]
[Site "?"]
[Date "2012.01.06"]
[Round "7"]
[White "de Guzman, Ricardo"]
[Black "Friedel, Josh"]
[Result "0-1"]
[WhiteElo "2393"]
[BlackElo "2523"]
[PlyCount "94"]
[EventDate "2012.01.06"]
[SourceDate "2012.01.05"]

1. d4 Nf6 2. Nf3 d5 3. Bg5 Ne4 4. Bf4 Bf5 5. e3 e6 6. Nbd2 Bd6 7. Bg3 Nd7 8. c4
O-O 9. Nxe4 dxe4 10. Bxd6 cxd6 11. Nd2 e5 12. Nb3 a5 13. a4 Qb6 14. Be2 Qb4+
15. Kf1 Nb6 16. Nc1 Nxc4 17. b3 Nd2+ 18. Kg1 Qc3 19. Ra2 Rac8 20. Rxd2 Qxc1 21.
g4 Be6 22. Kg2 Qc3 23. d5 Bd7 24. Rf1 Qb4 25. Rc2 Rxc2 26. Qxc2 Rc8 27. Qb2 h5
28. Rc1 hxg4 29. Rxc8+ Bxc8 30. Qc2 Qc5 31. Qxe4 f5 32. Qd3 Kf7 33. h3 gxh3+
34. Kxh3 Kf6 35. Kg2 Bd7 36. f4 g5 37. Qd2 Qb4 38. fxg5+ Kxg5 39. Qd1 Qe4+ 40.
Kf2 Qh4+ 41. Kg2 f4 42. exf4+ exf4 43. Qd3 Bf5 44. Qc3 Be4+ 45. Kf1 Qh1+ 46.
Kf2 Qg2+ 47. Ke1 Qg3+ 0-1

[Event "Northern California International"]
[Site "?"]
[Date "2012.01.06"]
[Round "7"]
[White "Evans, Bela"]
[Black "Remlinger, Larry"]
[Result "0-1"]
[WhiteElo "2262"]
[BlackElo "2402"]
[PlyCount "94"]
[EventDate "2012.01.06"]
[SourceDate "2012.01.05"]

1. f4 d6 2. Nf3 g6 3. e4 Bg7 4. d3 c5 5. g3 Nc6 6. Bg2 Bg4 7. Nbd2 e6 8. c3
Nge7 9. a4 a6 10. h3 Bxf3 11. Qxf3 Qc7 12. h4 h5 13. Bh3 O-O-O 14. O-O Kb8 15.
Kh2 f5 16. Qf2 Rhe8 17. Nf3 Ng8 18. Ng5 Nh6 19. Be3 Ng4+ 20. Bxg4 hxg4 21. Rae1
Bh6 22. Kg2 Bxg5 23. hxg5 Rh8 24. Rh1 Ne7 25. Qc2 Qc6 26. c4 fxe4 27. dxe4 Nf5
28. Bf2 e5 29. b3 Rhf8 30. Qe2 Rde8 31. Rh7 exf4 32. Qxg4 Rxe4 33. Rxe4 Qxe4+
34. Qf3 Qxf3+ 35. Kxf3 fxg3 36. Bxg3 Re8 37. Bf4 Re6 38. Kg4 Kc8 39. Rf7 Nd4
40. Rf6 Kc7 41. Rf7+ Kc6 42. Rf6 b6 43. Bh2 Rxf6 44. gxf6 Ne6 45. Kf3 d5 46.
cxd5+ Kxd5 47. f7 Ng5+ 0-1

[Event "Northern California International"]
[Site "?"]
[Date "2012.01.06"]
[Round "7"]
[White "Guerrero, Alejandra"]
[Black "Gaffagan, Steven"]
[Result "0-1"]
[WhiteElo "2048"]
[BlackElo "2071"]
[PlyCount "108"]
[EventDate "2012.01.06"]
[SourceDate "2012.01.05"]

1. e4 c5 2. Nf3 e6 3. c3 Nf6 4. e5 Nd5 5. d4 cxd4 6. cxd4 d6 7. Nc3 Nxc3 8.
bxc3 Qc7 9. Bd2 Nd7 10. exd6 Bxd6 11. Bd3 b6 12. Qe2 Bb7 13. O-O O-O 14. h3 Bf4
15. Be3 Rac8 16. c4 Rfe8 17. Rac1 Qd6 18. Qd2 Bxe3 19. fxe3 g6 20. Qf2 Bxf3 21.
Qxf3 f5 22. h4 Nf6 23. Rb1 Ng4 24. Qh3 Qa3 25. e4 Qc3 26. Qg3 Qxd4+ 27. Kh1 Qe5
28. Rf4 Nf6 29. Qg5 Nh5 30. Rf3 Qf6 31. Qh6 Qxh4+ 32. Kg1 fxe4 33. Rh3 Qf4 34.
Rxh5 Qxh6 35. Rxh6 exd3 36. Rd1 Red8 37. Rh4 d2 38. Kf2 Rd3 39. Re4 Kf7 40. Ke2
Rcd8 41. Rh4 Kg7 42. Re4 Kf6 43. Rh4 h5 44. Rf4+ Kg7 45. Re4 Kf7 46. Rf4+ Ke7
47. g4 g5 48. Re4 h4 49. Re5 Kf6 50. Rb5 Rg3 51. c5 bxc5 52. Rxc5 Rxg4 53. Rc7
Re4+ 54. Kf2 Re1 0-1

[Event "Northern California International"]
[Site "?"]
[Date "2012.01.06"]
[Round "7"]
[White "Inumerable, Florentino"]
[Black "Helfst, Matt"]
[Result "1/2-1/2"]
[WhiteElo "2154"]
[BlackElo "1943"]
[PlyCount "70"]
[EventDate "2012.01.06"]
[SourceDate "2012.01.05"]

1. d4 d5 2. Nf3 Nf6 3. c4 e6 4. Nc3 Be7 5. Bg5 O-O 6. e3 Nbd7 7. Bd3 a6 8. O-O
dxc4 9. Bxc4 b5 10. Bd3 c5 11. Rc1 cxd4 12. exd4 Bb7 13. Qe2 Rc8 14. Rfd1 Nd5
15. Ne4 Bxg5 16. Rxc8 Qxc8 17. Nexg5 N7f6 18. Qd2 Qa8 19. Ne5 h6 20. Ngf3 Rd8
21. Rc1 Rc8 22. Rc5 Nb6 23. Qc1 Nbd7 24. Nxd7 Nxd7 25. Rxc8+ Qxc8 26. Qxc8+
Bxc8 27. Ne5 Nb6 28. Nc6 Kf8 29. Kf1 Bb7 30. Ne5 Nd5 31. g3 Ke7 32. a3 f6 33.
Ng4 Kd6 34. Ke2 b4 35. Ne3 Nxe3 1/2-1/2

[Event "Northern California International"]
[Site "?"]
[Date "2012.01.06"]
[Round "7"]
[White "Ishkhanov, Tigran"]
[Black "Liou, Yian"]
[Result "1/2-1/2"]
[WhiteElo "2350"]
[BlackElo "2283"]
[PlyCount "142"]
[EventDate "2012.01.06"]
[SourceDate "2012.01.05"]

1. d4 d5 2. c4 c6 3. Nf3 Nf6 4. e3 a6 5. Bd3 Bg4 6. Nbd2 e6 7. O-O Be7 8. Qc2
O-O 9. b3 Nbd7 10. Bb2 Rc8 11. Ne5 Bh5 12. Ndf3 c5 13. Nxd7 Qxd7 14. Ne5 Qd8
15. Rac1 cxd4 16. exd4 dxc4 17. bxc4 Qc7 18. Rfe1 Bg6 19. Nxg6 hxg6 20. h3 Rfd8
21. Qb3 Bd6 22. a4 Rb8 23. Bf1 b6 24. g3 a5 25. Bg2 Nd7 26. Qe3 Re8 27. Qg5 Be7
28. Qg4 Bf6 29. Re2 Red8 30. h4 Nf8 31. Rd2 Qd7 32. Qd1 Qd6 33. Qb3 Nd7 34.
Rcd1 Be7 35. Bc3 Nf8 36. Qa2 Qc7 37. Rb1 Rdc8 38. Bf1 Nd7 39. Rb5 Nf6 40. Qb1
Bd6 41. Qd3 Qc6 42. Rc2 Ne8 43. c5 bxc5 44. Bxa5 Rxb5 45. axb5 Qa8 46. Bb6 cxd4
47. Rxc8 Qxc8 48. Bxd4 Qb8 49. b6 Nf6 50. Bg2 e5 51. Be3 Ng4 52. Bd5 Kf8 53. b7
Nxe3 54. Qxe3 Qc7 55. Qf3 Qd7 56. Qb3 Bb8 57. Qc4 Qc7 58. Qg4 Ke7 59. h5 gxh5
60. Qxg7 Kd6 61. Bf3 Kc5 62. Qh7 f6 63. Qxh5 Qd6 64. Qf5 Kb6 65. Kg2 Qd8 66.
Qe4 Qd6 67. Qf5 Qd8 68. Qc8 Qd6 69. Kh3 Ka7 70. Kg4 Qd4+ 71. Kf5 Qxf2 1/2-1/2

[Event "Northern California International"]
[Site "?"]
[Date "2012.01.06"]
[Round "7"]
[White "Iyengar, Udit"]
[Black "Studen, Damir"]
[Result "0-1"]
[WhiteElo "1991"]
[BlackElo "2248"]
[PlyCount "130"]
[EventDate "2012.01.06"]
[SourceDate "2012.01.05"]

1. e4 d5 2. exd5 Qxd5 3. d4 Qa5+ 4. c3 c6 5. Nf3 Nf6 6. Be2 Bf5 7. Nbd2 e6 8.
O-O Be7 9. Nc4 Qc7 10. Ne3 O-O 11. Nxf5 exf5 12. Bd3 g6 13. Re1 Re8 14. Bg5
Nbd7 15. Qc2 Bd6 16. h3 Kg7 17. Qd2 Ng8 18. c4 h6 19. c5 hxg5 20. cxd6 Qxd6 21.
Qxg5 Qf6 22. Qf4 Nb6 23. Re5 Nd5 24. Qd2 Qd6 25. Rae1 Re7 26. Bc4 f6 27. Rxe7+
Ngxe7 28. a3 Nb6 29. Ba2 Ned5 30. Qe2 Rd8 31. Bb1 Rd7 32. Nh4 Re7 33. Qd1 Rxe1+
34. Qxe1 Qf4 35. g3 Qc7 36. Qe2 Qe7 37. Qxe7+ Nxe7 38. Bd3 Kf7 39. b3 Ke6 40.
g4 fxg4 41. hxg4 g5 42. Nf3 Kd5 43. Kf1 a5 44. a4 c5 45. dxc5 Kxc5 46. Ke2 Kb4
47. Nd2 Nbd5 48. Bc4 Nc3+ 49. Kf3 Nc6 50. Bg8 Ne5+ 51. Kg3 Kc5 52. f3 Kd4 53.
Nc4 Nxc4 54. Bxc4 Nxa4 55. f4 Nb2 56. fxg5 fxg5 57. Bf7 Ke3 58. Bd5 b6 59. Bf7
a4 60. bxa4 Nxa4 61. Be6 Nc3 62. Bb3 b5 63. Be6 b4 64. Bb3 Ne4+ 65. Kg2 Nd2 0-1

[Event "Northern California International"]
[Site "?"]
[Date "2012.01.06"]
[Round "7"]
[White "Jayakumar, Adarsh"]
[Black "Mandhiza, Farai"]
[Result "1-0"]
[WhiteElo "2197"]
[BlackElo "2404"]
[PlyCount "99"]
[EventDate "2012.01.06"]
[SourceDate "2012.01.05"]

1. d4 e6 2. c4 f5 3. Nc3 Nf6 4. g3 d5 5. Bg2 c6 6. Nf3 Bd6 7. O-O O-O 8. Bf4
Bxf4 9. gxf4 Ne4 10. e3 Nd7 11. Ne5 Qh4 12. Nxe4 dxe4 13. Nxd7 Bxd7 14. f3 Rf6
15. Qe1 Qh5 16. fxe4 Rh6 17. Qg3 Qe2 18. b3 a5 19. e5 a4 20. Qf3 Qb2 21. Qf2
Qa3 22. Rab1 Rg6 23. Qd2 Qe7 24. bxa4 Bc8 25. a5 Qd8 26. Rb6 Rh6 27. d5 Qh4 28.
h3 Rg6 29. dxc6 h5 30. cxb7 Bxb7 31. Rxb7 Qxh3 32. a6 Rxa6 33. Rb8+ Kh7 34. Rf2
Ra3 35. Rb3 Ra4 36. Rc3 Rb4 37. Rc1 Rb8 38. c5 Rc8 39. c6 Rc7 40. Rc3 Qh4 41.
Kf1 Rg4 42. Qd6 Ra7 43. a3 Ra5 44. Qxe6 Rb5 45. Qxf5+ g6 46. Qd3 Rxg2 47. Rxg2
Qh1+ 48. Kf2 Rb2+ 49. Rc2 Qh4+ 50. Ke2 1-0

[Event "Northern California International"]
[Site "?"]
[Date "2012.01.06"]
[Round "7"]
[White "Kleinman, Michael"]
[Black "Sarkar, Justin"]
[Result "1/2-1/2"]
[WhiteElo "2275"]
[BlackElo "2370"]
[PlyCount "65"]
[EventDate "2012.01.06"]
[SourceDate "2012.01.05"]

1. e4 c6 2. d4 d5 3. exd5 cxd5 4. c4 Nf6 5. Nc3 Nc6 6. Bg5 dxc4 7. Bxc4 h6 8.
Be3 e6 9. Nf3 Be7 10. O-O O-O 11. a3 Nd5 12. Bxd5 exd5 13. Ne5 Na5 14. b4 Nc4
15. Nxc4 dxc4 16. Qe2 Be6 17. d5 Bf5 18. Qxc4 Rc8 19. Qb3 Bf6 20. Rac1 Bxc3 21.
Rxc3 Rxc3 22. Qxc3 Qxd5 23. Bxa7 Qd3 24. Qxd3 Bxd3 25. Rd1 Bb5 26. Bb6 Ra8 27.
Ba5 Kf8 28. Rd6 Ke7 29. Rb6 Bc6 30. b5 Rxa5 31. bxc6 bxc6 32. Rxc6 Rxa3 33. g3
1/2-1/2

[Event "Northern California International"]
[Site "?"]
[Date "2012.01.07"]
[Round "7"]
[White "Lobo, Richard"]
[Black "Liu, Daniel"]
[Result "1-0"]
[WhiteElo "2251"]
[BlackElo "2049"]
[PlyCount "117"]
[SourceDate "2012.01.05"]

1. c4 e5 2. Nc3 Nc6 3. g3 f5 4. Bg2 Nf6 5. d3 Bb4 6. Bd2 O-O 7. e3 d6 8. Nge2
Ne7 9. a3 Bxc3 10. Nxc3 c6 11. O-O f4 12. exf4 Bg4 13. Qc2 Nf5 14. Be3 exf4 15.
Bxf4 Nd4 16. Qd2 Nb3 17. Qe3 Nxa1 18. Rxa1 Nh5 19. Bg5 Qd7 20. Qd4 Bf3 21. Ne4
Bxg2 22. Kxg2 d5 23. cxd5 Qxd5 24. Qxd5+ cxd5 25. Nd6 Nf6 26. b4 b6 27. h3 Rad8
28. Bf4 Ne8 29. Nb5 Rd7 30. Rc1 Nf6 31. Be5 Re8 32. f4 Red8 33. Rc6 Ne8 34. g4
Rb7 35. Kf3 Kf7 36. g5 g6 37. h4 Rbd7 38. h5 Rb7 39. h6 Rbd7 40. Kg4 Kg8 41.
Nd4 Nd6 42. b5 Kf7 43. a4 Nc8 44. Bf6 Ne7 45. Nf3 Nxc6 46. bxc6 Rd6 47. Bxd8
Rxd8 48. f5 Re8 49. Kf4 gxf5 50. Kxf5 Rc8 51. Ne5+ Ke7 52. g6 hxg6+ 53. Kxg6
Ke6 54. d4 a6 55. h7 b5 56. axb5 axb5 57. Kg7 b4 58. Nd7 b3 59. Nf8+ 1-0

[Event "Northern California International"]
[Site "?"]
[Date "2012.01.06"]
[Round "7"]
[White "Manvelyan, Hayk"]
[Black "Viswanadha, Kesav"]
[Result "1-0"]
[WhiteElo "2202"]
[BlackElo "1987"]
[PlyCount "67"]
[EventDate "2012.01.06"]
[SourceDate "2012.01.05"]

1. d4 Nf6 2. c4 e6 3. Nc3 Bb4 4. e3 O-O 5. Nf3 c5 6. Bd2 b6 7. Bd3 Bb7 8. O-O
cxd4 9. exd4 Be7 10. Rc1 d5 11. Re1 Nbd7 12. Bf4 dxc4 13. Bxc4 a6 14. a4 Rc8
15. Qe2 Bxf3 16. gxf3 Nh5 17. Bg3 Nb8 18. d5 Nxg3 19. hxg3 exd5 20. Nxd5 Bd6
21. Rcd1 Re8 22. Qxe8+ Qxe8 23. Rxe8+ Rxe8 24. Nf6+ gxf6 25. Rxd6 Rc8 26. b3
Kg7 27. Rxb6 Nd7 28. Rxa6 Ne5 29. Bd5 Rc3 30. f4 Ng4 31. Ra7 Rc1+ 32. Kg2 Rc2
33. Rxf7+ Kh6 34. Rxh7+ 1-0

[Event "Northern California International"]
[Site "?"]
[Date "2012.01.06"]
[Round "7"]
[White "Margvelashvili, Giorgi"]
[Black "Shahade, Greg"]
[Result "1-0"]
[WhiteElo "2531"]
[BlackElo "2463"]
[PlyCount "81"]
[EventDate "2012.01.06"]
[SourceDate "2012.01.05"]

1. Nf3 c5 2. c4 g6 3. d4 cxd4 4. Nxd4 Nc6 5. e4 Nf6 6. Nc3 d6 7. Nc2 Bg7 8. Be2
O-O 9. O-O Nd7 10. Bd2 a5 11. Na3 Nc5 12. Nab5 Nd4 13. Nxd4 Bxd4 14. Bh6 Bxc3
15. bxc3 Re8 16. f3 Be6 17. Qd4 f6 18. f4 Qc8 19. f5 gxf5 20. exf5 Bxf5 21. Bf3
Kh8 22. Bd5 Qd7 23. Rae1 Nd3 24. Re3 Ne5 25. Rg3 Bg6 26. Qh4 Qd8 27. Be6 Qb6+
28. Be3 Qb2 29. Bd4 Kg7 30. Rh3 Qc2 31. Qh6+ Kh8 32. Rg3 Rg8 33. c5 dxc5 34.
Bxe5 fxe5 35. Bxg8 Rxg8 36. Qg5 Qe2 37. Qxe7 h6 38. Rxg6 Qe3+ 39. Kh1 Rxg6 40.
Rf8+ Rg8 41. Qf6+ 1-0

[Event "Northern California International"]
[Site "?"]
[Date "2012.01.06"]
[Round "7"]
[White "Rabin, Evan"]
[Black "Gurevich, Daniel"]
[Result "1-0"]
[WhiteElo "2035"]
[BlackElo "2192"]
[PlyCount "77"]
[EventDate "2012.01.06"]
[SourceDate "2012.01.05"]

1. e4 c5 2. Nf3 g6 3. Bd3 Bg7 4. c3 e6 5. O-O Ne7 6. Re1 O-O 7. Bf1 d5 8. exd5
exd5 9. d4 c4 10. b3 cxb3 11. axb3 Nbc6 12. h3 h6 13. Bf4 Bf5 14. b4 a6 15.
Nbd2 g5 16. Bh2 a5 17. b5 Nb8 18. b6 Nbc6 19. Bc7 Qc8 20. Nb3 Re8 21. Nc5 Bd7
22. Bb5 Bf8 23. Nxd7 Qxd7 24. Ne5 Qf5 25. Bxc6 bxc6 26. b7 Rab8 27. Bxb8 Rxb8
28. Qb3 f6 29. Rxa5 fxe5 30. Ra8 Rxb7 31. Qxb7 Ng6 32. Qc8 Qxc8 33. Rxc8 Ne7
34. Rc7 exd4 35. cxd4 Nf5 36. Re8 Ng7 37. Ra8 Ne6 38. Rxc6 Nxd4 39. Rf6 1-0

[Event "Northern California International"]
[Site "?"]
[Date "2012.01.06"]
[Round "7"]
[White "Rodriguez, Eric"]
[Black "Xiong, Jeffery"]
[Result "0-1"]
[WhiteElo "2352"]
[BlackElo "2097"]
[PlyCount "85"]
[EventDate "2012.01.06"]
[SourceDate "2012.01.05"]

1. e4 c5 2. d4 cxd4 3. c3 Nf6 4. e5 Nd5 5. Nf3 Nc6 6. cxd4 d6 7. Bc4 Nb6 8. Bb3
d5 9. Nh4 e6 10. Nf3 Be7 11. O-O Bd7 12. Re1 Rc8 13. Nc3 Na5 14. Bc2 Nbc4 15.
Bd3 g5 16. Rf1 h5 17. b3 Na3 18. Bd2 g4 19. Ne1 Qb6 20. Ne2 Nc6 21. Rc1 Kd8 22.
Be3 Kc7 23. Nc3 Kb8 24. Na4 Qd8 25. Nc5 Nb4 26. Qd2 Nxd3 27. Nexd3 Bb5 28. Rfd1
Bxd3 29. Nxd3 Qb6 30. Nc5 Qb5 31. Bg5 Bxc5 32. dxc5 Rc7 33. Qb2 Qa6 34. Ra1 b5
35. Bd2 Rxc5 36. Bb4 Rc2 37. Qxa3 Qb6 38. Rf1 g3 39. hxg3 h4 40. Ba5 Qd4 41.
Rac1 hxg3 42. Qd6+ Ka8 43. Rxc2 0-1

[Event "Northern California International"]
[Site "?"]
[Date "2012.01.06"]
[Round "7"]
[White "Santarius, Erik"]
[Black "Pruess, David"]
[Result "1-0"]
[WhiteElo "2276"]
[BlackElo "2395"]
[PlyCount "93"]
[EventDate "2012.01.06"]
[SourceDate "2012.01.05"]

1. e4 c5 2. Nf3 e6 3. c3 d5 4. Bb5+ Bd7 5. Bxd7+ Qxd7 6. exd5 Qxd5 7. O-O Nc6
8. d4 Nf6 9. Qa4 Rd8 10. Be3 Be7 11. c4 Qh5 12. dxc5 Ng4 13. Bf4 e5 14. Bg3 e4
15. Nfd2 e3 16. fxe3 Bxc5 17. Qd1 O-O 18. h3 Bxe3+ 19. Bf2 Bxf2+ 20. Rxf2 Qe5
21. Qxg4 Qxb2 22. Nb3 f5 23. Qf3 Qf6 24. N1d2 Ne5 25. Qc3 Rd3 26. Qc2 Rfd8 27.
Re1 g6 28. Qb2 Ng4 29. Qxf6 Nxf6 30. Re7 a5 31. a4 b6 32. Re6 Ne4 33. Nxe4 Rxb3
34. Nf6+ Kf7 35. Rc6 Rd1+ 36. Kh2 h5 37. h4 Rd4 38. g3 Rb4 39. Nh7 Rdxc4 40.
Ng5+ Kg7 41. Rd6 Rxa4 42. Re2 Rxh4+ 43. gxh4 Rxh4+ 44. Nh3 b5 45. Re7+ Kh6 46.
Rdd7 g5 47. Re6# 1-0

[Event "Northern California International"]
[Site "?"]
[Date "2012.01.06"]
[Round "7"]
[White "Troff, Kayden"]
[Black "Smith, Bryan"]
[Result "1-0"]
[WhiteElo "2257"]
[BlackElo "2460"]
[PlyCount "71"]
[EventDate "2012.01.06"]
[SourceDate "2012.01.05"]

1. d4 f5 2. c4 Nf6 3. Nf3 e6 4. g3 Be7 5. Bg2 O-O 6. O-O d6 7. b3 Ne4 8. Bb2
Bf6 9. Nbd2 Nc6 10. Ne1 d5 11. e3 Bd7 12. Nd3 g5 13. Nf3 Be8 14. Nfe5 Nxe5 15.
dxe5 Be7 16. Qc2 dxc4 17. bxc4 Bc6 18. Bd4 g4 19. Nf4 Qd7 20. Rfd1 Ba4 21. Qe2
Bxd1 22. Rxd1 Ng5 23. c5 Rad8 24. Qc4 c6 25. Rb1 Kf7 26. Qb3 Nf3+ 27. Bxf3 gxf3
28. Qd1 Bxc5 29. Qxf3 Bxd4 30. exd4 Rfe8 31. Nh5 Re7 32. Nf6 Qc7 33. Qh5+ Kf8
34. Qh6+ Kf7 35. Qxh7+ Kf8 36. Qg8# 1-0

[Event "Northern California International"]
[Site "?"]
[Date "2012.01.07"]
[Round "8"]
[White "Arnold, Marc"]
[Black "Shankland, Sam"]
[Result "1/2-1/2"]
[WhiteElo "2482"]
[BlackElo "2565"]
[PlyCount "29"]
[EventDate "2012.01.06"]
[SourceDate "2012.01.05"]

1. d4 d5 2. c4 c6 3. Nc3 Nf6 4. e3 g6 5. Nf3 Bg7 6. Be2 O-O 7. O-O a6 8. b3 Bg4
9. h3 Bxf3 10. Bxf3 e6 11. Bb2 Nbd7 12. Qd2 Qb8 13. Rfc1 Rd8 14. cxd5 exd5 15.
Na4 1/2-1/2

[Event "Northern California International"]
[Site "?"]
[Date "2012.01.07"]
[Round "8"]
[White "Evans, Bela"]
[Black "Kavutskiy, Konstantin"]
[Result "0-1"]
[WhiteElo "2262"]
[BlackElo "2315"]
[PlyCount "138"]
[EventDate "2012.01.06"]
[SourceDate "2012.01.05"]

1. f4 d5 2. Nf3 Nf6 3. g3 g6 4. Bg2 Bg7 5. O-O O-O 6. c3 b6 7. Ne5 Bb7 8. d4
Nbd7 9. Be3 Ne4 10. Nd2 Ndf6 11. a4 a5 12. Qb3 Nd6 13. Rac1 e6 14. Bf2 Nd7 15.
Rfe1 Rc8 16. Qa3 f6 17. Nxd7 Qxd7 18. e4 f5 19. exd5 Bxd5 20. Bxd5 exd5 21. Qb3
Qf7 22. Rcd1 Ne4 23. Nf3 Rcd8 24. Re3 Bf6 25. Red3 Rd7 26. Qc2 Re8 27. b4 h6
28. bxa5 bxa5 29. Rb1 g5 30. Be3 Rde7 31. Ne5 Bxe5 32. dxe5 c6 33. Rb6 Qe6 34.
Rd1 h5 35. c4 dxc4 36. fxg5 c3 37. Qe2 Qxe5 38. Rxc6 Nxg3 39. Qc4+ Re6 40. Re1
f4 41. hxg3 fxe3 42. Kg2 e2 43. Rc5 Qe4+ 44. Qxe4 Rxe4 45. Rxc3 Rxa4 46. Rc5
Kg7 47. Kf2 Ra2 48. Kf3 Kg6 49. Rc6+ Kxg5 50. Rc5+ Kg6 51. Rc6+ Kf5 52. Rc4
Ra3+ 53. Kf2 Ra2 54. Rh4 Kg5 55. Rc4 Re5 56. Rc8 Kf6 57. Rc6+ Ke7 58. Ra6 Kd7
59. Rh6 a4 60. Ra6 Kc7 61. Kf3 Kb7 62. Rh6 a3 63. Kf4 Rc5 64. Re6 Rcc2 65. Re3
Kc6 66. Rh1 Rd2 67. Rxh5 Ra1 68. Rhe5 a2 69. Re6+ Rd6 0-1

[Event "Northern California International"]
[Site "?"]
[Date "2012.01.07"]
[Round "8"]
[White "Friedel, Josh"]
[Black "Sevillano, Enrico"]
[Result "1-0"]
[WhiteElo "2523"]
[BlackElo "2490"]
[PlyCount "93"]
[EventDate "2012.01.06"]
[SourceDate "2012.01.05"]

1. Nf3 Nf6 2. c4 e6 3. g3 d5 4. d4 Bb4+ 5. Bd2 Be7 6. Bg2 Ne4 7. O-O Nxd2 8.
Nbxd2 O-O 9. Qc2 a5 10. Rfd1 Bd7 11. Ne5 Nc6 12. cxd5 Nb4 13. Qc4 exd5 14. Bxd5
Nxd5 15. Qxd5 Ba4 16. Qxb7 Bxd1 17. Nc6 Qe8 18. Rxd1 Bb4 19. Qb5 Bxd2 20. Rxd2
Qe4 21. a4 Rfe8 22. d5 h5 23. h4 Qb1+ 24. Kg2 Re4 25. e3 Rae8 26. b3 Rg4 27.
Qd3 Qa1 28. Nxa5 g5 29. hxg5 h4 30. Nc4 hxg3 31. fxg3 Rxg5 32. Qd4 Qb1 33. Qd3
Qa1 34. Qd4 Qb1 35. Rf2 Qg6 36. Rf3 Re4 37. Qd2 f5 38. d6 Reg4 39. Qd5+ Kh7 40.
dxc7 Rxg3+ 41. Rxg3 Rxg3+ 42. Kf2 f4 43. Qd7+ Kh6 44. Qd6 fxe3+ 45. Ke2 Rg2+
46. Kxe3 Rg3+ 47. Kf2 1-0

[Event "Northern California International"]
[Site "?"]
[Date "2012.01.07"]
[Round "8"]
[White "Gaffagan, Steven"]
[Black "Byambaa, Uyanga"]
[Result "0-1"]
[WhiteElo "2071"]
[BlackElo "2118"]
[PlyCount "74"]
[EventDate "2012.01.06"]
[SourceDate "2012.01.05"]

1. b3 e5 2. c4 f5 3. Bb2 Nc6 4. g3 Nf6 5. Bg2 d6 6. Nc3 Be7 7. d3 O-O 8. e3 f4
9. Nd5 fxe3 10. fxe3 Ng4 11. Bf3 Nh6 12. Qe2 Be6 13. O-O-O Nf5 14. Kb1 a5 15.
a3 Kh8 16. Nxe7 Qxe7 17. Bd5 Nd8 18. Nf3 Rb8 19. Bxe6 Nxe6 20. g4 Nh6 21. Nd2
b5 22. cxb5 Rxb5 23. d4 Rfb8 24. dxe5 dxe5 25. Rc1 Nc5 26. Rxc5 Rxc5 27. a4 Rd5
28. Rc1 Qd7 29. Rc2 Nxg4 30. e4 Rd3 31. Ka2 c5 32. Bc3 Ne3 33. Rc1 c4 34. Kb2
Rxd2+ 35. Qxd2 Rxb3+ 36. Ka1 Qxa4+ 37. Qa2 Ra3 0-1

[Event "Northern California International"]
[Site "?"]
[Date "2012.01.07"]
[Round "8"]
[White "Helfst, Matt"]
[Black "Gurevich, Daniel"]
[Result "0-1"]
[WhiteElo "1943"]
[BlackElo "2192"]
[PlyCount "104"]
[EventDate "2012.01.06"]
[SourceDate "2012.01.05"]

1. d4 Nf6 2. Nf3 g6 3. e3 d6 4. Be2 Bg7 5. b3 O-O 6. Bb2 c5 7. c4 cxd4 8. exd4
Bf5 9. d5 Na6 10. a3 e6 11. dxe6 fxe6 12. O-O Qe7 13. Nc3 Ne4 14. Rc1 Rad8 15.
Nd2 Nac5 16. Ndxe4 Nxe4 17. Bd3 Nc5 18. Be2 g5 19. b4 Nd7 20. Qb3 Ne5 21. Nb5
a6 22. Nd4 Bg6 23. Nf3 Nxf3+ 24. Bxf3 Bxb2 25. Qxb2 Rf4 26. Qe2 e5 27. Bd5+ Kg7
28. f3 h5 29. Qe3 Bf7 30. Rfe1 Bxd5 31. cxd5 Rdf8 32. Qb6 R8f7 33. Re4 Rxe4 34.
fxe4 Qf6 35. h3 g4 36. Qe3 Qf4 37. Re1 g3 38. Qxf4 Rxf4 39. Re3 h4 40. Re1 Kf6
41. a4 b5 42. a5 Kg5 43. Rc1 Rxe4 44. Kf1 Rf4+ 45. Ke1 Rxb4 46. Rc6 Rb1+ 47.
Ke2 Rb2+ 48. Kf3 Rf2+ 49. Ke3 Rxg2 50. Rxd6 Ra2 51. Rd8 Rxa5 52. Rf8 Ra4 0-1